000 00612nam a2200241 i 4500
001 bg
100 1 _aBODIE, Zvi
245 1 0 _aFinance /
_cZvi Bodie, Robert C. Merton.
250 _aPreliminary ed.
260 _aUpper Saddle River :
_bPrentice Hall,
_c1998.
300 _aXVIII, 442 s. :
_bwykr. ;
_c26 cm.
504 _aIndeks.
650 9 _aFinanse
655 _aPodręczniki akademickie
700 1 _aMERTON, Robert C.
020 _a0137813457
040 _cBPK
041 0 _aen
080 _a336(075.8)
920 _a0-13-781345-7
942 _cKS
008 s pl f |000 0 pol
999 _c37069
_d37069
856 _uhttp://koha.tu.koszalin.pl/cgi-bin/koha/opac-detail.pl?biblionumber=37069
_yKatalog online BPK